[Event "Drammen Konnerud Autumn-C"]
[Site "Drammen"]
[Date "2020.09.02"]
[Round "2"]
[White "Sveia, Per Arne"]
[Black "Selmer, Julian"]
[Result "0-1"]
[WhiteElo "1193"]
[BlackElo "1049"]
[PlyCount "81"]
[EventDate "2020.08.19"]
[EventType "tourn"]
[EventRounds "7"]
[EventCountry "NOR"]
[SourceTitle "EXT 2024"]
[Source "ChessBase"]
[SourceDate "2023.10.10"]
[SourceVersion "1"]
[SourceVersionDate "2023.10.10"]
[SourceQuality "1"]

1. c4 e5 2. e3 Nf6 3. b3 d6 4. Nc3 Bf5 5. d4 exd4 6. Qxd4 Nc6 7. Qd2 g6 8. Bd3 d5 9. Bxf5 gxf5 10. Bb2 d4 11. exd4 Nxd4 12. Nce2 c5 13. Nxd4 cxd4 14. Bxd4 Rg8 15. g3 Rg4 16. Qe3+ Re4 17. Qxe4+ fxe4 18. 0-0-0 Ng4 19. h3 Ba3+ 20. Kb1 Nf6 21. Ne2 b5 22. Bc5 Bxc5 23. Rxd8+ Rxd8 24. Rf1 bxc4 25. bxc4 Rb8+ 26. Kc2 Rb4 27. Kc3 a5 28. Nc1 a4 29. Rd1 Nd7 30. Re1 f5 31. f3 Nb6 32. fxe4 Rxc4+ 33. Kd2 Rd4+ 34. Kc2 fxe4 35. a3 Nc4 36. Ne2 Nxa3+ 37. Kc3 Rd3+ 38. Kb2 Bb4 39. Rc1 Rd2+ 40. Ka1 Rxe2 41. Rc4 0-1

[Event "Konnerud CC-ch"]
[Site "Konnerud"]
[Date "2020.01.15"]
[Round "1"]
[White "Fagervik, Geir"]
[Black "Sveia, Per Arne"]
[Result "1-0"]
[WhiteElo "1436"]
[BlackElo "1179"]
[PlyCount "27"]
[EventDate "2020.01.08"]
[EventType "swiss"]
[EventRounds "6"]
[EventCountry "NOR"]
[SourceTitle "EXT 2024"]
[Source "ChessBase"]
[SourceDate "2023.10.10"]
[SourceVersion "1"]
[SourceVersionDate "2023.10.10"]
[SourceQuality "1"]

1. e4 e5 2. Nf3 Nc6 3. Bb5 a6 4. Ba4 b5 5. Bb3 Bb7 6. d3 Na5 7. Nxe5 Nxb3 8. axb3 Qg5 9. Bxg5 f6 10. Bxf6 gxf6 11. Qh5+ Ke7 12. Nf7 Nh6 13. Nxh8 Bg7 14. Qc5+ 1-0

[Event "Konnerud CC-ch"]
[Site "Konnerud"]
[Date "2018.01.17"]
[Round "2"]
[White "Sveia, Per Arne"]
[Black "Aure, Havard"]
[Result "0-1"]
[WhiteElo "1209"]
[BlackElo "1342"]
[PlyCount "130"]
[EventDate "2018.01.10"]
[EventType "swiss"]
[EventRounds "9"]
[EventCountry "NOR"]
[SourceTitle "EXT 2024"]
[Source "ChessBase"]
[SourceDate "2023.10.10"]
[SourceVersion "1"]
[SourceVersionDate "2023.10.10"]
[SourceQuality "1"]

1. e4 e5 2. d3 Nf6 3. Nf3 Nc6 4. Nc3 Bc5 5. Bg5 Be7 6. Be2 0-0 7. 0-0 d6 8. a4 h6 9. Be3 d5 10. exd5 Nxd5 11. Nxd5 Qxd5 12. b3 Bf6 13. Rb1 Bf5 14. Nd2 Nd4 15. Bxd4 Qxd4 16. Bf3 c6 17. Re1 Rfe8 18. Be4 Bxe4 19. Rxe4 Qd7 20. Qf3 Bg5 21. Nc4 Qd5 22. Rbe1 Bf6 23. Qg3 Re6 24. Nxe5 Rae8 25. Ng4 Qg5 26. f4 Qg6 27. Rxe6 Rxe6 28. Rxe6 fxe6 29. Nxf6+ Qxf6 30. Qf2 Qa1+ 31. Qf1 Qd4+ 32. Kh1 Qe3 33. g3 Kf7 34. Qg2 Qc1+ 35. Qg1 Qxc2 36. Qd4 Qb1+ 37. Kg2 Qxb3 38. Qxa7 Qd5+ 39. Kf2 c5 40. Ke2 Kf6 41. Qa5 Qg2+ 42. Ke3 Qg1+ 43. Kf3 Qd4 44. Qb5 Qd5+ 45. Kf2 Kf5 46. Qb1 Qd4+ 47. Kg2 Qd5+ 48. Kh3 Kf6 49. Qb2+ Kg6 50. Qc2 Qh5+ 51. Kg2 Qd5+ 52. Kh3 Kf6 53. Qc3+ e5 54. fxe5+ Qxe5 55. Qc2 Qe6+ 56. Kg2 b6 57. Qf2+ Qf5 58. Qxf5+ Kxf5 59. Kf3 Ke5 60. Ke3 Kd5 61. Kd2 Kd4 62. Kc2 g5 63. g4 c4 64. dxc4 Kxc4 65. Kb2 Kb4 0-1

[Event "Konnerud Autumn"]
[Site "Konnerud"]
[Date "2016.11.30"]
[Round "5"]
[White "Aure, Havard"]
[Black "Sveia, Per Arne"]
[Result "1-0"]
[WhiteElo "995"]
[BlackElo "1005"]
[PlyCount "83"]
[EventDate "2016.09.21"]
[EventType "swiss"]
[EventCountry "NOR"]
[SourceTitle "EXT 2024"]
[Source "ChessBase"]
[SourceDate "2023.10.10"]
[SourceVersion "1"]
[SourceVersionDate "2023.10.10"]
[SourceQuality "1"]

1. e4 e5 2. Bc4 b6 3. Nf3 Nc6 4. 0-0 Nf6 5. d3 Bb7 6. Ng5 d5 7. exd5 Nxd5 8. Qf3 f6 9. Bxd5 Nd4 10. Bf7+ Ke7 11. Qxb7 h6 12. Ne6 Nxe6 13. Bxe6 Kxe6 14. Qc6+ Bd6 15. Nc3 Kf7 16. Qd5+ Ke7 17. Re1 Re8 18. Bd2 Rc8 19. Qc6 Kf7 20. Qc4+ Re6 21. Qg4 Qf8 22. Qh5+ Kg8 23. Qg6 Rce8 24. Nd5 f5 25. Qh5 c6 26. Nc3 f4 27. Ne4 Bc7 28. Re2 R8e7 29. Rae1 Rf7 30. Qf3 Rf5 31. c3 c5 32. c4 a5 33. Bc3 Qe8 34. Qh3 Rh5 35. Qg4 Qf7 36. Nd2 Rf5 37. Nf3 Rg6 38. Qh3 Re6 39. Nxe5 Bxe5 40. Rxe5 Rg6 41. Qxf5 Qxf5 42. Rxf5 1-0